[Event "Montaiguillon rapid 1st"]
[Site "Montagne"]
[Date "2019.09.08"]
[Round "1"]
[White "Moussard, Jules"]
[Black "Fournier, Remi"]
[Result "1-0"]
[WhiteElo "2608"]
[BlackElo "1609"]
[PlyCount "69"]
[EventDate "2019.09.08"]
[EventType "swiss (rapid)"]
[EventRounds "9"]
[EventCountry "FRA"]
[SourceTitle "EXT 2020"]
[Source "ChessBase"]
[SourceDate "2019.10.17"]
[SourceVersion "1"]
[SourceVersionDate "2019.10.17"]
[SourceQuality "1"]

1. c4 Nf6 2. Nc3 g6 3. g3 Bg7 4. Bg2 c5 5. a3 Nc6 6. Rb1 Rb8 7. b4 b6 8. Nf3 Bb7 9. 0-0 Nd4 10. Nxd4 Bxg2 11. Ne6 dxe6 12. Qa4+ b5 13. cxb5 Bb7 14. bxc5 0-0 15. c6 Ba8 16. Qxa7 Nd5 17. Qc5 Qb6 18. Qxb6 Rxb6 19. Na4 Rbb8 20. e4 Bxc6 21. exd5 Bxb5 22. Rxb5 Rxb5 23. dxe6 Ra8 24. exf7+ Kxf7 25. Nc3 Bxc3 26. dxc3 Rb3 27. Re1 Rb1 28. Kf1 Rxc1 29. Rxc1 Rxa3 30. c4 Ra2 31. c5 Ke8 32. c6 Kd8 33. c7+ Kc8 34. Re1 Kd7 35. Rxe7+ 1-0